书目信息 |
| 题名: |
七言诗硬笔书法字帖
|
|
| 作者: | 赵多良 书写 | |
| 分册: | ||
| 出版信息: | 沈阳 辽宁人民出版社 1993 |
|
| 页数: | 14,214页 | |
| 开本: | 17×19cm | |
| 丛书名: | ||
| 单 册: | ||
| 中图分类: | J292.12 , J292.1 | |
| 科图分类: | ||
| 主题词: | 硬笔字--法帖--中国 | |
| 电子资源: | ||
| ISBN: | 7-205-02223-1 | |
| 000 | 00658nam0 2200217 450 | |
| 001 | 1553254645 | |
| 005 | 20150118144810.10 | |
| 010 | @a7-205-02223-1@dCNY14.00 | |
| 100 | @a20021005e19971993em y0chiy0110 ea | |
| 101 | 0 | @achi |
| 102 | @aCN@b210000 | |
| 105 | @ay z 000zy | |
| 200 | 1 | @a七言诗硬笔书法字帖@9qi yan shi ying bi shu fa zi tie@e仿宋·楷书·魏碑·隶书·行楷·行草@f赵多良等书写 |
| 210 | @a沈阳@c辽宁人民出版社@d1993@h1997重印 | |
| 215 | @a14,214页@d17×19cm | |
| 606 | 0 | @a硬笔字@x法帖@y中国 |
| 690 | @aJ292.12@v5 | |
| 690 | @aJ292.1@v4 | |
| 701 | 0 | @a赵多良@9zhao duo liang@4书写 |
| 801 | 0 | @aCN@bTSSF@c20150118 |
| 905 | @aZUCC@dJ292.1@eJY8 | |
| 七言诗硬笔书法字帖:仿宋·楷书·魏碑·隶书·行楷·行草/赵多良等书写.-沈阳:辽宁人民出版社,1993(1997重印) |
| 14,214页;17×19cm |
| ISBN 7-205-02223-1:CNY14.00 |
| ● |
| 相关链接 |
|
|
|
|
正题名:七言诗硬笔书法字帖
索取号:J292.1/JY8
 
预约/预借
| 序号 | 登录号 | 条形码 | 馆藏地/架位号 | 状态 | 备注 |
| 1 | 7848918 | 278489182 | 学院路分馆/ [索取号:J292.1/JY8] | 在馆 | |
| 2 | 7848919 | 278489191 | 学院路分馆/ [索取号:J292.1/JY8] | 在馆 | |
| 3 | 7848920 | 278489208 | 学院路分馆/ [索取号:J292.1/JY8] | 在馆 |